Fotografi
| Main Author: | |
|---|---|
| Format: | Book |
| Published: |
Kuala Lumpur :
Fajar Bakti ,
1993
|
| Series: | Sirihobi Fajar Bakti
|
| Subjects: |
MARC
| LEADER | 00000cam a2200000 7i4500 | ||
|---|---|---|---|
| 001 | 0000003820 | ||
| 005 | 20110713.0 | ||
| 020 | 0 | 0 | |a 9676519170 |
| 090 | 0 | 0 | |a 770.1 |b ISUJA 1993 |
| 100 | 1 | 0 | |a Sujana Mohd. Rejab |
| 245 | 1 | 0 | |a Fotografi |c Sujana Mohd. Rejab |
| 260 | 0 | 0 | |a Kuala Lumpur : |b Fajar Bakti , |c 1993 |
| 300 | |a xii, 129p : |b il.col. ; |c 17x19cm. | ||
| 440 | 0 | 0 | |a Sirihobi Fajar Bakti |
| 650 | 0 | 0 | |a Photography |
| 998 | |a JPSM | ||
| 999 | |a 005659 |b Monograph |c Open Shelf |e Default branch | ||